Handbook of media economics, vol 1A / (Record no. 4443)
[ view plain ]
| 000 -LEADER | |
|---|---|
| fixed length control field | 00861cam a22003015i 4500 |
| 001 - CONTROL NUMBER | |
| control field | 18746237 |
| 003 - CONTROL NUMBER IDENTIFIER | |
| control field | GZU |
| 005 - DATE AND TIME OF LATEST TRANSACTION | |
| control field | 20210316095038.0 |
| 008 - FIXED-LENGTH DATA ELEMENTS--GENERAL INFORMATION | |
| fixed length control field | 150817s2015 mau 000 0 eng |
| 010 ## - LIBRARY OF CONGRESS CONTROL NUMBER | |
| LC control number | 2015949268 |
| 020 ## - INTERNATIONAL STANDARD BOOK NUMBER | |
| International Standard Book Number | 9780444627216 |
| 040 ## - CATALOGING SOURCE | |
| Original cataloging agency | DLC |
| Language of cataloging | eng |
| Description conventions | rda |
| Transcribing agency | DLC |
| 042 ## - AUTHENTICATION CODE | |
| Authentication code | pcc |
| 050 ## - LIBRARY OF CONGRESS CALL NUMBER | |
| Classification number | P96.E25 |
| Item number | .MED2016 |
| 100 1# - MAIN ENTRY--PERSONAL NAME | |
| Personal name | Anderson, Simon P. |
| 245 10 - TITLE STATEMENT | |
| Title | Handbook of media economics, vol 1A / |
| Statement of responsibility, etc. | Simon Anderson, Joel Waldfogel, David Stromberg. |
| 263 ## - PROJECTED PUBLICATION DATE | |
| Projected publication date | 1511 |
| 264 #1 - PRODUCTION, PUBLICATION, DISTRIBUTION, MANUFACTURE, AND COPYRIGHT NOTICE | |
| Place of production, publication, distribution, manufacture | Boston, MA : |
| Name of producer, publisher, distributor, manufacturer | Elsevier, |
| Date of production, publication, distribution, manufacture, or copyright notice | 2015. |
| 300 ## - PHYSICAL DESCRIPTION | |
| Extent | pages cm |
| 336 ## - CONTENT TYPE | |
| Content type term | text |
| Content type code | txt |
| Source | rdacontent |
| 337 ## - MEDIA TYPE | |
| Media type term | unmediated |
| Media type code | n |
| Source | rdamedia |
| 338 ## - CARRIER TYPE | |
| Carrier type term | volume |
| Carrier type code | nc |
| Source | rdacarrier |
| 504 ## - BIBLIOGRAPHY, ETC. NOTE | |
| Bibliography, etc. note | Includes index |
| 650 ## - SUBJECT ADDED ENTRY--TOPICAL TERM | |
| Source of heading or term | Media economics |
| 906 ## - LOCAL DATA ELEMENT F, LDF (RLIN) | |
| a | 0 |
| b | ibc |
| c | orignew |
| d | 2 |
| e | epcn |
| f | 20 |
| g | y-gencatlg |
| 942 ## - ADDED ENTRY ELEMENTS (KOHA) | |
| Source of classification or shelving scheme | Library of Congress Classification |
| Koha item type | Books |
| Classification part | 96.E25 |
| Item part | MED |
| Call number prefix | P |
| Withdrawn status | Lost status | Damaged status | Not for loan | Collection code | Home library | Current library | Shelving location | Date acquired | Total Checkouts | Full call number | Barcode | Date last seen | Copy number | Price effective from | Koha item type |
|---|---|---|---|---|---|---|---|---|---|---|---|---|---|---|---|
| Non-fiction | City Campus Library | City Campus Library | General Stacks | 03/16/2021 | P96.E25MED2016 | 030952 | 03/16/2021 | c.1 | 03/16/2021 | Books |